VPLYV SÁLAVÉHO TEPLA NA OHYBOVÚ PEVNOSŤ A PRIEHYB SMREKOVÉHO DREVA

Bibliographic Details
Main Author: Král, Štefan, 1939- (Author)
Format: Article
Language:Slovak
ISBN:8022810398
Subjects:

MARC

LEADER 00000naa a2200000 a 4500
001 vtls011850089
003 SK-MaSNL
005 20260302134131.0
008 210910|2001 xo |||||||||||||||||slo|
015 |a SNBCL 
035 |a (urnnbn)urn:nbn:sk:snk:ar-a0arb9 
035 |a urn:nbn:sk:snk-aaw5bj 
035 |a (uuid)a6b7fdc0-d41f-4fd4-90be-a6b356279ddb 
040 |a SNKBUCL  |b slo  |c SNKBUCL  |e AACR2 
041 |a slo 
044 |a xo  |c SK 
100 1 |a Král, Štefan,  |d 1939-  |4 aut  |9 206531 
245 1 0 |a VPLYV SÁLAVÉHO TEPLA NA OHYBOVÚ PEVNOSŤ A PRIEHYB SMREKOVÉHO DREVA  |c Štefan Král 
336 |a text  |b txt  |c rdacontent 
337 |a bez média  |b n  |c rdamedia 
338 |a zväzok  |b nc  |c rdacarrier 
655 7 |a články zo zborníkov  |2 snkbucl  |9 166140 
773 0 |t Fórum mladých odborníkov požiarnej ochrany  |d Zvolen : Technická univerzita, 2001  |g S. 72-79  |z 8022810398 
958 |a OND 
958 |a article26 
958 |a chapter 
999 |c 1320139  |d 1322069